<?xml version="1.0" encoding="UTF-8"?>
<record
    xmlns:xsi="http://www.w3.org/2001/XMLSchema-instance"
    xsi:schemaLocation="http://www.loc.gov/MARC21/slim http://www.loc.gov/standards/marcxml/schema/MARC21slim.xsd"
    xmlns="http://www.loc.gov/MARC21/slim">

  <leader>01640nam a22002417a 4500</leader>
  <controlfield tag="003">OSt</controlfield>
  <controlfield tag="005">20210708100101.0</controlfield>
  <controlfield tag="008">150213b        xxu||||| |||| 00| 0 eng d</controlfield>
  <datafield tag="020" ind1=" " ind2=" ">
    <subfield code="a">9780071283403</subfield>
  </datafield>
  <datafield tag="040" ind1=" " ind2=" ">
    <subfield code="c">LC</subfield>
  </datafield>
  <datafield tag="050" ind1=" " ind2=" ">
    <subfield code="a">HG4026.R67</subfield>
  </datafield>
  <datafield tag="100" ind1=" " ind2=" ">
    <subfield code="a">Ross, Stephen A.</subfield>
  </datafield>
  <datafield tag="245" ind1=" " ind2=" ">
    <subfield code="a">Essentials of corporate finance. /</subfield>
    <subfield code="c">Stephen A. Ross, Randolph W. Westerfield, Bradford D. Jordan.</subfield>
  </datafield>
  <datafield tag="250" ind1=" " ind2=" ">
    <subfield code="a">6th ed.</subfield>
  </datafield>
  <datafield tag="260" ind1=" " ind2=" ">
    <subfield code="a">London:</subfield>
    <subfield code="b">McGraw-Hill,</subfield>
    <subfield code="c">2008.</subfield>
  </datafield>
  <datafield tag="300" ind1=" " ind2=" ">
    <subfield code="a">xxxiii, 620 p.:</subfield>
    <subfield code="b">ills.;</subfield>
  </datafield>
  <datafield tag="500" ind1=" " ind2=" ">
    <subfield code="a">Includes references and index.</subfield>
  </datafield>
  <datafield tag="505" ind1=" " ind2=" ">
    <subfield code="a">Contents: 1. Overview of financial management: Introduction to financial management -- 2. Understanding financial statements and cash flow: Financial statements, taxes and cash flow -- Working with financial statements -- 3. Valuation of future cash flows: Introduction to valuation: the time value of money -- Discounted cash flow valuation --4. Valuing stocks and bonds: Interests rates and bond valuation -- Equity markets and stock valuation -- 5. Capital budgeting: Net present value and other investment criteria -- Making capital investment decisions -- 6. Risk and return: Some lessons from capital market history -- Risk and return -- 7. Long term financing: Cost of capital -- Leverage and capital structure -- Dividends and dividend policy -- Raising capital -- 8. Short term financial management: Short-term financial planning -- Working capital management -- 9. Topics in business finance: International aspects of financial management.</subfield>
  </datafield>
  <datafield tag="653" ind1=" " ind2=" ">
    <subfield code="a">	Corporations -- Finance.</subfield>
  </datafield>
  <datafield tag="700" ind1=" " ind2=" ">
    <subfield code="a">Westerfield, Randolph W.</subfield>
  </datafield>
  <datafield tag="700" ind1=" " ind2=" ">
    <subfield code="a">Jordan, Bradford D.</subfield>
  </datafield>
  <datafield tag="942" ind1=" " ind2=" ">
    <subfield code="2">lcc</subfield>
    <subfield code="c">BK</subfield>
  </datafield>
  <datafield tag="999" ind1=" " ind2=" ">
    <subfield code="c">7713</subfield>
    <subfield code="d">15213</subfield>
  </datafield>
  <datafield tag="952" ind1=" " ind2=" ">
    <subfield code="0">0</subfield>
    <subfield code="1">0</subfield>
    <subfield code="2">lcc</subfield>
    <subfield code="4">0</subfield>
    <subfield code="7">0</subfield>
    <subfield code="a">WIUC-KL</subfield>
    <subfield code="b">WIUC-KL</subfield>
    <subfield code="c">GEN</subfield>
    <subfield code="d">2019-11-06</subfield>
    <subfield code="o">HG4026.R673(6e)</subfield>
    <subfield code="p">K/1392/1392/19</subfield>
    <subfield code="r">2021-07-08 00:00:00</subfield>
    <subfield code="t">4</subfield>
    <subfield code="w">2021-07-08</subfield>
    <subfield code="y">BK</subfield>
  </datafield>
  <datafield tag="952" ind1=" " ind2=" ">
    <subfield code="0">0</subfield>
    <subfield code="1">0</subfield>
    <subfield code="2">lcc</subfield>
    <subfield code="4">0</subfield>
    <subfield code="7">0</subfield>
    <subfield code="a">WIUC-KL</subfield>
    <subfield code="b">WIUC-KL</subfield>
    <subfield code="c">GEN</subfield>
    <subfield code="d">2019-11-06</subfield>
    <subfield code="o">HG4026.R674(6e)</subfield>
    <subfield code="p">K/1393/1393/19</subfield>
    <subfield code="r">2021-07-08 00:00:00</subfield>
    <subfield code="t">5</subfield>
    <subfield code="w">2021-07-08</subfield>
    <subfield code="y">BK</subfield>
  </datafield>
  <datafield tag="952" ind1=" " ind2=" ">
    <subfield code="0">0</subfield>
    <subfield code="1">0</subfield>
    <subfield code="2">lcc</subfield>
    <subfield code="4">0</subfield>
    <subfield code="7">0</subfield>
    <subfield code="a">WIUC-KL</subfield>
    <subfield code="b">WIUC-KL</subfield>
    <subfield code="c">GEN</subfield>
    <subfield code="d">2019-11-06</subfield>
    <subfield code="o">HG4026.R675(6e)</subfield>
    <subfield code="p">K/1394/1394/19</subfield>
    <subfield code="r">2021-07-08 00:00:00</subfield>
    <subfield code="t">6</subfield>
    <subfield code="w">2021-07-08</subfield>
    <subfield code="y">BK</subfield>
  </datafield>
  <datafield tag="952" ind1=" " ind2=" ">
    <subfield code="0">0</subfield>
    <subfield code="1">0</subfield>
    <subfield code="2">lcc</subfield>
    <subfield code="4">0</subfield>
    <subfield code="7">0</subfield>
    <subfield code="a">WIUC-KL</subfield>
    <subfield code="b">WIUC-KL</subfield>
    <subfield code="c">GEN</subfield>
    <subfield code="d">2019-11-06</subfield>
    <subfield code="o">HG4026.R676(6e)</subfield>
    <subfield code="p">K/1395/1395/19</subfield>
    <subfield code="r">2021-07-08 00:00:00</subfield>
    <subfield code="t">7</subfield>
    <subfield code="w">2021-07-08</subfield>
    <subfield code="y">BK</subfield>
  </datafield>
  <datafield tag="952" ind1=" " ind2=" ">
    <subfield code="0">0</subfield>
    <subfield code="1">0</subfield>
    <subfield code="2">lcc</subfield>
    <subfield code="4">0</subfield>
    <subfield code="7">0</subfield>
    <subfield code="a">WIUC-KL</subfield>
    <subfield code="b">WIUC-KL</subfield>
    <subfield code="c">GEN</subfield>
    <subfield code="d">2019-10-30</subfield>
    <subfield code="l">0</subfield>
    <subfield code="o">HG4026.R67(6e)</subfield>
    <subfield code="p">K/940/940/19</subfield>
    <subfield code="r">2021-09-29 00:00:00</subfield>
    <subfield code="t">1</subfield>
    <subfield code="w">2021-07-08</subfield>
    <subfield code="y">BK</subfield>
  </datafield>
  <datafield tag="952" ind1=" " ind2=" ">
    <subfield code="0">0</subfield>
    <subfield code="1">0</subfield>
    <subfield code="2">lcc</subfield>
    <subfield code="4">0</subfield>
    <subfield code="7">0</subfield>
    <subfield code="a">WIUC-KL</subfield>
    <subfield code="b">WIUC-KL</subfield>
    <subfield code="c">GEN</subfield>
    <subfield code="d">2019-10-30</subfield>
    <subfield code="l">0</subfield>
    <subfield code="o">HG4026.R671(6e)</subfield>
    <subfield code="p">K/941/941/19</subfield>
    <subfield code="r">2021-09-29 00:00:00</subfield>
    <subfield code="t">2</subfield>
    <subfield code="w">2021-07-08</subfield>
    <subfield code="y">BK</subfield>
  </datafield>
  <datafield tag="952" ind1=" " ind2=" ">
    <subfield code="0">0</subfield>
    <subfield code="1">0</subfield>
    <subfield code="2">lcc</subfield>
    <subfield code="4">0</subfield>
    <subfield code="7">0</subfield>
    <subfield code="a">WIUC-KL</subfield>
    <subfield code="b">WIUC-KL</subfield>
    <subfield code="c">GEN</subfield>
    <subfield code="d">2019-10-30</subfield>
    <subfield code="l">0</subfield>
    <subfield code="o">HG4026.R672(6e)</subfield>
    <subfield code="p">K/942/942/19</subfield>
    <subfield code="r">2021-09-29 00:00:00</subfield>
    <subfield code="t">3</subfield>
    <subfield code="w">2021-07-08</subfield>
    <subfield code="y">BK</subfield>
  </datafield>
</record>
